000 01357nam a2200277Ia 4500
999 _c52975
_d52975
001 20006
003 GE_BSU
005 20200528221057.0
008 181216s1989||||ge |||||||||||||| ||geo||
040 _cGE_BSU
041 _ageo
080 _a81'374.25=353.1 ჭ-12
100 _aჭაბაშვილი, მიხეილ
_98169
245 _aუცხო სიტყვათა ლექსიკონი /
_cმიხეილ ჭაბაშვილი [შეადგინა და წინასიტყვ. დაურთო] ; რედ. : ი. ქვაჩახია, დ. ოდიშარია.
250 _aმე-3 შესწორებული და შევსებული გამოცემა
264 _aთბილისი :
_bგანათლება,
_c1989.
300 _a600 გვ. ;
_c16 სმ.
300 _bსახელთა საძიებელი: გვ. 63-68.
501 _aსახელთა საძიებელი : გვ. 63-68
541 _h.
653 _aლექსიკონი
653 _aუცხო სიტყვათა ლექსიკონი
700 _aქვაჩახია, ი.
_eრედაქტორი
_98257
700 _aოდიშარია, დ.
_eრედაქტორი
_98258
942 _cBK
_2udc